Normal view
MARC view
Entry Personal Name
001 - CONTROL NUMBER
- control field: 3402
003 - CONTROL NUMBER IDENTIFIER
- control field: BD-RjUL
005 - DATE AND TIME OF LATEST TRANSACTION
- control field: 20220602171155.0
008 - FIXED-LENGTH DATA ELEMENTS
- fixed length control field: 220602|| aca||aabn | a|a d
040 ## - CATALOGING SOURCE
- Original cataloging agency: BD-RjUL
- Transcribing agency: BD-RjUL
100 ## - HEADING--PERSONAL NAME
- Personal name: Alam, Md. Saiful
670 ## - SOURCE DATA FOUND
- Source citation: Work cat.: (BD-RjUL)79906: Alam, Md. Saiful, Effectiveness of nuclear polyhedrosis virus on controlling heliccoverpa armigers as an eco-friendly biopesticide in Bangladesh /, 2011